Fedora 10 and hat enterprise linux bible (Record no. 4831)

MARC details
000 -LEADER
fixed length control field 00344nam a2200133Ia 4500
008 - FIXED-LENGTH DATA ELEMENTS--GENERAL INFORMATION
fixed length control field 191201s2009 xx 000 0 und d
100 ## - MAIN ENTRY--PERSONAL NAME
Personal name NEGUS, Christopher
245 #0 - TITLE STATEMENT
Title Fedora 10 and hat enterprise linux bible
250 ## - EDITION STATEMENT
Edition statement Rep
260 ## - PUBLICATION, DISTRIBUTION, ETC. (IMPRINT)
Place of publication, distribution, etc N. delhi
Name of publisher, distributor, etc Wiley Dreautech India
Date of publication, distribution, etc 2009
300 ## - PHYSICAL DESCRIPTION
Extent 1072
650 ## - SUBJECT ADDED ENTRY--TOPICAL TERM
Topical term or geographic name as entry element B.Tech(IT)
942 ## - ADDED ENTRY ELEMENTS (KOHA)
Source of classification or shelving scheme Dewey Decimal Classification
Koha item type Text Books
Holdings
Withdrawn status Lost status Source of classification or shelving scheme Damaged status Not for loan Collection code Home library Current library Date acquired Source of acquisition Cost, normal purchase price Bill Number Total Checkouts Full call number Acc. no. / Barcode Date last seen Bill Date Koha item type
    Dewey Decimal Classification     B.Tech(IT) PIET C-LIBRARY PIET C-LIBRARY 14/03/2011 The book company 599.00 7039 Rs. 413   005.44 NEF 17388 04/12/2019 09/03/2011 Text Books
    Dewey Decimal Classification     B.Tech(IT) PIET C-LIBRARY PIET C-LIBRARY 14/03/2011 The book company 599.00 7039 Rs. 413   005.44 NEF 17389 04/12/2019 09/03/2011 Text Books
    Dewey Decimal Classification     B.Tech(IT) PIET C-LIBRARY PIET C-LIBRARY 14/03/2011 The book company 599.00 7039 Rs. 413   005.44 NEF 17390 04/12/2019 09/03/2011 Text Books
    Dewey Decimal Classification     B.Tech(IT) PIET C-LIBRARY PIET C-LIBRARY 14/03/2011 The book company 599.00 7039 Rs. 413   005.44 NEF 17391 04/12/2019 09/03/2011 Text Books
    Dewey Decimal Classification     B.Tech(IT) PIET C-LIBRARY PIET C-LIBRARY 14/03/2011 The book company 599.00 7039 Rs. 413   005.44 NEF 17392 04/12/2019 09/03/2011 Text Books

Design & Developed by: PIET Central Library
R70 Miles Stone Pattikalyana Samalkha Panipat 132102
mail ID :- [email protected], Phone No:- 0180-2569700 Ex.216